| 000 | 01459nam a22004217a 4500 | ||
|---|---|---|---|
| 999 |
_c29454 _d29425 |
||
| 003 | EG-ScBUE | ||
| 005 | 20210922121038.0 | ||
| 008 | 200219t2009 maua f 001 0 eng d | ||
| 020 | _a9781413017564 | ||
| 020 | _a9781413008456 | ||
| 020 | _a1413008453 | ||
| 020 | _a1413017568 | ||
| 040 |
_aEG-ScBUE _beng _erda _cEG-ScBUE _dEG-ScBUE |
||
| 082 | 0 | 4 |
_a425 _bHOU _222 |
| 100 | 1 |
_aHouck, Nöel _d1942- _eauthor. |
|
| 245 | 1 | 0 |
_aGrammar connection : _bstructure through content / _cNöel Houck, Sharon Hilles ; series editors, Marianne Celce-Murcia, Sharon Hilles. |
| 250 | _ainternational student edition. | ||
| 264 | 1 |
_aBoston, Massachusetts : _bHeinle Cangage Learning, _c[2009] |
|
| 264 | 4 | _cc2009 | |
| 300 |
_axv, 304 pages : _billustrations ; _c30 cm. |
||
| 336 |
_2rdacontent _atext _btxt |
||
| 337 |
_2rdamedia _aunmediated _bn |
||
| 338 |
_2rdacarrier _avolume _bnc |
||
| 490 | 0 |
_aGrammar Connection ; _v4 |
|
| 500 | _aIncludes index. | ||
| 500 | _aIncludes appendix | ||
| 650 | 7 |
_aEnglish language _vTextbooks for foreign speakers. _2BUEsh |
|
| 650 | 7 |
_aEnglish language _xGrammar _vProblems, exercises, etc. _2BUEsh |
|
| 651 | 7 | _2BUEsh | |
| 653 | 7 |
_aBUEsh _bHHUUEENN _cSeptember2021 |
|
| 654 | 7 | _2BUEsh | |
| 655 | 7 |
_2BUEsh _vReading book _934232 |
|
| 700 | 1 |
_aHilles, Sharon. _eauthor. |
|
| 700 | 1 |
_aCelce-Murcia, Marianne _eeditor. |
|
| 700 | 1 |
_aSokolik, M. E. (Margaret E.) _eeditor. _935975 |
|
| 942 |
_2ddc _cBB |
||